Folk Songs - Statistics

General Stats
  • This quiz has been taken 45 times
  • The average score is 5 of 10
Answer Stats
Hint Answer % Correct
Swing low, ______ ______ Coming for to carry me home sweet chariot
90%
Yankee Doodle went to town A-riding on a pony He stuck a feather in his hat And _____ __ ________ called it macaroni
86%
In a cavern, in a canyon Excavating for a mine Dwelt a miner, forty-niner And his daughter __________ Clementine
69%
Oh, Susanna! Oh, don't you cry for me For I come ____ _______ With a banjo on my knee from Alabama
60%
Home, home on the range Where the deer and the antelope play Where seldom is heard a ____________ ____ discouraging word
52%
I've been working on the railroad Just to pass the time away Can't you hear the _______ _______ whistle blowing
45%
Frog went a courtin’ and he did ride, uh-huh Frog went a courtin’ and he did ride, uh-huh Frog went a courtin’ and he did ride With a sword and a ______ by his side, uh-huh, uh-huh, uh-huh. pistol
26%
Oh, I went down south for to see my Sal Singing _____ _____ ______ all the day Polly Wolly Doodle
21%
Oh, Shenandoah, I long to hear you Away, I'm bound away, cross the ____ ________ wide Missouri
21%
The river Jordon is chilly and cold, hallelujah It chill the body ___ ___ ___ ____ , hallelujah but not the soul
14%
No matching quizzes found
Score Distribution
Percent of People with Each Score
Percentile by Number Answered
Your Score History
You have not taken this quiz